CÁTALOGO MUNICIPAL







2084 : crónicas del pasado, presente y futuro / (Registro nro. 10886)

Detalles MARC
000 -Cabecera (24)
Campo de control interno 00722nam a22002414a 4500
001 - Número de control
Campo de control BIBLIOTECA MUNICIPAL DE BARRANCO
007 - Tipo material - Descripcion fisica - info general
Tipo material ta
008 - Códigos de longitud fija (40p)
Campo de control de longitud fija t pe gr 00| 0 spa d
017 ## - DEPOSITO LEGAL (PERÚ)
Número Depósito Legal 2024-08002
020 ## - INTERNATIONAL STANDARD BOOK NUMBER
ISBN 978-612-5160-40-9
040 ## - Origen de la Catalogacion
Origen de la Catalogacion BIBLIOTECA MUNICIPAL DE BARRANCO
041 ## - Código de idioma (R)
Código de lengua del texto/banda sonora o título independiente (R) spa
043 ## - Pais ISO
País ISO pe
082 ## - Número de la Clasificación
Número de la Clasificación 869.56
Número de documento/Ítem L72 2024
100 ## - Autor Personal
Autor Personal Lituma Agüero, Leopoldo, 1957-, autor
245 ## - Titulo
Titulo 2084 : crónicas del pasado, presente y futuro /
Mencion del autor T. G. Lituc
250 ## - Mencion de edicion
Edicion 1a ed.
260 ## - Pie de imprenta
Ciudad Lima :
Editorial Ediquid,
Año 2024
300 ## - Descripcion
Páginas 115 páginas ;
Dimensiones 23 cm.
490 ## - Serie Colección
Serie Colección Nuevas voces (Ediquid)
650 #0 - Temas - Descriptores
9 (RLIN) 2168
Temas - Descriptores Cuentos peruanos - Siglo XX.
942 ## - Datos personalizados Koha
Tipo de Documento Libros
Fecha procesamiento 2025-06-11
Catalogador GHÑ
Existencias
Fuente de Clasificacion Deterioro (estado) Ubicacion permanente Ubicacion actual Fecha de Ingreso a la Biblioteca Numero inventario Prestamos Signatura Topográfica Código de barras Ultima fecha de verificacion Tipo de Item Ubicación en edificio Precio dolares Ejemplar
Dewey Decimal Classification   Biblioteca Municipal Manuel Beingolea Biblioteca Municipal Manuel Beingolea 06/11/2025 006908   869.56 L72 2024 006908 06/11/2025 Libros Estantería cerrada    
Dewey Decimal Classification   Biblioteca Municipal Manuel Beingolea Biblioteca Municipal Manuel Beingolea 06/11/2025 007099   869.56 L72 2024 007099 06/11/2025 Libros Sala - Estantería abierta   Ej.2

  

  GERENCIA DE CULTURA Y TURISMO

  Biblioteca Municipal de Barranco

  Auspiciado por la Municipalidad Distrial de Barranco

  Horario de atención: De lunes a sábado de 8:00 am a 5:00 pm.

  Correo electrónico: biblioteca@munibarranco.gob.pe

  Teléfono :203-6730, anexo 303


Ubicación